Cultura General de Colaboración Colectiva #2 - Estadísticas

Estadísticas generales
  • Esta prueba ha sido intentada 3.752 veces
  • La puntuación promedio es 11 de 20
Estadísticas de respuestas
Pregunta Respuesta % Correcto
¿En qué galaxia se encuentra el sistema solar? Vía Láctea
95%
¿Cuál es la materia natural más dura conocida? Diamante
86%
¿En qué país se ubica la ciudad de Chernóbil? Ucrania
85%
¿Cuál es el primer número primo después del 100? 101
82%
¿De qué estilo arquitectónico es la catedral de Notre Dame en París? Gótico
79%
¿Qué jugador de fútbol ha ganado más copas del mundo? Pelé
70%
¿Qué país en las antillas se llama igual que una provincia andaluza? Granada
69%
¿Cuál es el nombre de la ciudad romana destruida por el monte Vesubio? Pompeya
68%
¿De dónde fue robada la Mona Lisa el 21 de Agosto de 1911? Louvre
66%
Según Los Del Río, ¿qué color tiene Sevilla? Especial
64%
¿En qué provincia de España se encuentra el parque temático de Port Aventura? Tarragona
59%
¿A qué se dedican Magnus Carlsen y Gary Kasparov? Ajedrez
58%
¿Cómo se llamaba el caballo de Don Quijote? Rocinante
57%
¿Cuál es el videojuego más vendido del mundo? Minecraft
42%
¿Cuántos elementos químicos hay? 118
39%
¿En qué ciudad se celebraron los Juegos Olímpicos de 1984? Los Ángeles
34%
¿Quién compuso Las Bodas de Fígaro? Mozart
33%
¿Cuál es el lago más profundo del mundo? Lago Baikal
27%
¿Cuáles 3 letras se encuentran en la mayoría de las cremalleras? YKK
12%
¿Qué nombre recibía anteriormente Zambia? Rodesia del Norte
9%
No se encontraron pruebas coincidentes
Distribución de puntuación
Porcentaje de gente con cada puntuación
Porcentaje por número respondido
Historial de tus puntuaciones
No has intentado esta prueba.